Indian women-revisited / (Record no. 103547)

MARC details
000 -LEADER
fixed length control field 00751nam a22002177a 4500
005 - DATE AND TIME OF LATEST TRANSACTION
control field 20230712143011.0
010 ## - LCCN (DPL NO)
LC control number ENG-116077 ENG-136983 ENG-137373
020 ## - INTERNATIONAL STANDARD BOOK NUMBER
International Standard Book Number 9788123019277
Terms of availability 240.00
035 ## - SYSTEM CONTROL NUMBER
System control number EN-99609 EN-120905
035 ## - SYSTEM CONTROL NUMBER
System control number EN-120515
037 ## - SOURCE OF ACQUISITION
Source of stock number/acquisition DBAD/PUB
082 ## - DEWEY DECIMAL CLASSIFICATION NUMBER
Classification number 305.4954
245 ## - TITLE STATEMENT
Title Indian women-revisited /
Statement of responsibility, etc Edited by Devaki Jain [and] C. P. Sujaya
260 ## - PUBLICATION, DISTRIBUTION, ETC. (IMPRINT)
Place of publication, distribution, etc New Delhi
Name of publisher, distributor, etc Publication Division
Date of publication, distribution, etc 2014
270 ## - ADDRESS
Address Ministory of Information and Boardcasting Government Of India,Soochna Bhawan,CGO Complex,Lodhi Road
City New Delhi
Postal code 110003
300 ## - PHYSICAL DESCRIPTION
Extent 162p. :
Dimensions 22cm(pbk)
Other physical details ill
500 ## - GENERAL NOTE
General note Includes index
700 ## - ADDED ENTRY--PERSONAL NAME
Personal name Jain,Devaki
700 ## - ADDED ENTRY--PERSONAL NAME
Personal name Sujaya,C. P.
942 ## - ADDED ENTRY ELEMENTS (KOHA)
Source of classification or shelving scheme Dewey Decimal Classification
Item type English Books
Classification part 305.4954
Call number suffix IND
Holdings
Withdrawn status Lost status Not for loan Collection code Home library Current library Date acquired Source of acquisition Cost, normal purchase price Full call number Barcode Copy number Cost, replacement price Koha item type
      Non-fiction Ashok Vihar Ashok Vihar 23/05/2023 DBAD/PUB 240.00 305.4954 IND EN-120515 1 240.00 English Books
    Not For Loan Non-fiction D.B.Act.Division Bawana 22/09/2016 DBAD/PUB 210.00 305.4954 IND EN-99609 1 210.00 English Books
      Non-fiction Narela Narela 12/07/2023 DBAD/PUB 240.00 305.4954 IND EN-120905 1 240.00 English Books

© Delhi Public Library
Hit Counter
free hit counter